000 01038nam a2200229 4500
005 20240530110948.0
008 221205s2021 ua aa g b 000 0 ara d
017 _a2021/5060
_bمصر. دار الكتب
020 _a9789773224349
040 _aEG-CaGPL
_cEG-CaGPL
082 0 4 _221
_a598
_bهـ ط
100 0 _aهبه محمود سعد عبدالنبى
245 1 2 _aالطيور فى العصر المملوكى :
_bدراسة فى التريخ الاجتماعى والبيئى والفنون /
_cتاليف هبه محمود سعد عبدالنبى
250 _aط.1
260 _aالقاهرة :
_bعين للدراسات و البحوث الانسانية و الاجتماعية،
_c2021.
300 _a192 ص. :
_bايض ؛
_c24 سم.
504 _aيشتمل على ارجاعات ببليوجرافية
650 0 7 _2qrmak
_aالطيور
_xالعادات والتقاليد
650 0 7 _2qrmak
_aالطيور
_xتاريخ
_yالعصر المملوكى
942 _2ddc
_cBK
999 _c66942
_d66942